000 01802nam a2200445 i 4500
001 108818
003 FlNmELB
005 20241217173907.0
006 m o d |
007 cr cnu||||||||
008 160516s2012 sp o 001 0 spa d
020 _z9788468143811
020 _a9788468162195 (e-book)
035 _a(MiAaPQ)EBC4421952
035 _a(Au-PeEL)EBL4421952
035 _a(CaPaEBR)ebr11162087
035 _a(OCoLC)984814332
040 _aFINmELB
_bspa
_erda
_cFINmELB
050 4 _aHF5547
_bZ35 2012
080 _a651
082 0 _a651.3
_223
100 1 _aZapatero Álvarez, Ana Isabel.
245 1 0 _aCuaderno del alumno :
_bgestión operativa de tesorería (MF0979_2) /
_cAna Isabel Zapatero Álvarez.
264 1 _aMadrid :
_bEditorial CEP, S.L.,
_c[2012]
300 _a1 recurso en línea (58 páginas)
336 _atexto
_btxt
_2rdacontent/spa
337 _acomputadora
_bc
_2rdamedia/spa
338 _arecurso en línea
_bcr
_2rdacarrier/spa
500 _aContiene índice.
500 _aCertificado de profesionalidad, Actividades de gestión administrativa de la familia profesional Administración y gestión. "Programa docente conforme a Real Decreto 645/2011"--Cubierta.
588 _aDescripción basada en recurso en línea; Título de la página del título en PDF (e-libro, visto May 16, 2016).
590 _aRecurso electronico. Santa Fe, Arg. : e-libro, 2016. Disponible via World Wide Web. El acceso puede ser limitado para las bibliotecas afiliadas a e-libro.
650 0 _aOffice practice.
650 4 _aTrabajo de oficina.
650 0 _aManagement.
650 4 _aAdministración de empresas.
655 4 _aLibros electrónicos.
797 2 _ae-libro, Corp.
856 4 0 _uhttps://elibro.net/ereader/politecnicointernacional/50873
999 _c108818
_d108818